000 01520cam a22003734a 4500
999 _c50555
_d50555
001 13818150
005 20200227172804.0
008 041217s2005 enka b 001 0 eng
010 _a 2004065961
020 _a9781405105323 (alk. paper)
020 _a1405105321 (alk. paper)
040 _aDLC
_cDLC
_dDLC
041 _aeng
042 _apcc
050 0 0 _aSH135
_b.P545 2005
080 _a639 P-64
082 0 0 _a639.8
_222
100 1 _aPillay, T. V. R.
_97609
245 1 0 _aAquaculture :
_bprinciples and practices /
_cT.V.R. Pillay and M.N. Kutty.
250 _a2nd ed.
264 _aOxford, UK ;
_bBlackwell Pub.,
_c2005.
300 _axvi, 624 p. :
_bill., ;
_c26 cm.
504 _aIncludes bibliographical references.
650 0 _aAquaculture.
_97610
653 _aაკვაკულტურის პრინციპები და პრაქტიკა
653 _aსოფლის მეურნეობა
700 1 _aKutty, M. N.
_97611
856 4 2 _3Contributor biographical information
_uhttp://www.loc.gov/catdir/enhancements/fy0827/2004065961-b.html
856 4 2 _3Publisher description
_uhttp://www.loc.gov/catdir/enhancements/fy0827/2004065961-d.html
856 4 1 _3Table of contents only
_uhttp://www.loc.gov/catdir/enhancements/fy0827/2004065961-t.html
906 _a7
_bcbc
_corignew
_d1
_eocip
_f20
_gy-gencatlg
942 _2udc
_cBK
955 _apc21 2004-12-17 to ASCD
_cjb14 2004-12-22
_aaa01 2004-12-27
_aps02 2005-12-21 1 copy rec'd., to CIP ver.
_ajb00 2006-01-05